Mỹ học trang trí thực dụng phong thủy phòng ngủ
Quyển sách hướng dẫn thiết kế, bố trí, trang hoàng phòng ngủ, những điều cấm kị khi bố trí phòng ngủ theo thuật phong thủy.
Αποθηκεύτηκε σε:
| Κύριος συγγραφέας: | |
|---|---|
| Μορφή: | Βιβλίο |
| Γλώσσα: | Undetermined |
| Έκδοση: |
Đà Nẵng
Nhà xuất bản Đà Nẵng
2006
|
| Θέματα: | |
| Ετικέτες: |
Προσθήκη ετικέτας
Δεν υπάρχουν, Καταχωρήστε ετικέτα πρώτοι!
|
| Thư viện lưu trữ: | Trung tâm Học liệu Trường Đại học Cần Thơ |
|---|
| LEADER | 00875nam a2200205Ia 4500 | ||
|---|---|---|---|
| 001 | CTU_124175 | ||
| 008 | 210402s9999 xx 000 0 und d | ||
| 020 | |c 40000 | ||
| 082 | |a 133.333 | ||
| 082 | |b Ng454 | ||
| 100 | |a Hoàng, Gia Ngôn | ||
| 245 | 0 | |a Mỹ học trang trí thực dụng phong thủy phòng ngủ | |
| 245 | 0 | |c Hoàng Gia Ngôn, Trương Kiến Bình, Lưu Quốc Khánh; Người dịch: Di Linh | |
| 260 | |a Đà Nẵng | ||
| 260 | |b Nhà xuất bản Đà Nẵng | ||
| 260 | |c 2006 | ||
| 520 | |a Quyển sách hướng dẫn thiết kế, bố trí, trang hoàng phòng ngủ, những điều cấm kị khi bố trí phòng ngủ theo thuật phong thủy. | ||
| 650 | |a Feng-shui,Geomancy,Philosophy, chinese | ||
| 904 | |i Năm | ||
| 980 | |a Trung tâm Học liệu Trường Đại học Cần Thơ | ||